000
00294nam a22001337a 4500
008
171102b xxu||||| |||| 00| 0 eng d
020
_a
9781418837037
041
_a
eng
080
_2
7TH
_a
33
100
_a
59
101
_a
BUS
245
_a
ELECTRONIC COMMERCE
_c
SCHNEIDER,G
942
_2
udc
_c
BK
999
_c
37218
_d
37218